ბათუმის შოთა რუსთაველის სახელმწიფო უნივერსიტეტის ბიბლიოთეკა

მუსტაფა ქემალ ათათურქის როლი რესპუბლიკურ თურქეთში (ბიბ.ჩანაწერი № 34874)

000 -LEADER
fixed length control field 00861nam a2200229Ia 4500
001 - CONTROL NUMBER
control field 693
003 - CONTROL NUMBER IDENTIFIER
control field GE_BSU
008 - FIXED-LENGTH DATA ELEMENTS--GENERAL INFORMATION
fixed length control field 181216s||||||||xx |||||||||||||| ||und||
020 ## - INTERNATIONAL STANDARD BOOK NUMBER
International Standard Book Number 9789941409554
040 ## - CATALOGING SOURCE
Transcribing agency GE_BSU
080 ## - UNIVERSAL DECIMAL CLASSIFICATION NUMBER
Universal Decimal Classification number 94(560)
100 ## - MAIN ENTRY--PERSONAL NAME
Personal name მაკარაძე,ემზარ
245 ## - TITLE STATEMENT
Title მუსტაფა ქემალ ათათურქის როლი რესპუბლიკურ თურქეთში
245 ## - TITLE STATEMENT
Statement of responsibility, etc. რედ. ო.გოგოლიშვილი
260 ## - PUBLICATION, DISTRIBUTION, ETC.
Place of publication, distribution, etc. ბათუმი
260 ## - PUBLICATION, DISTRIBUTION, ETC.
Name of publisher, distributor, etc. შოთა რუსთაველის სახ. უნ–ტი
260 ## - PUBLICATION, DISTRIBUTION, ETC.
Date of publication, distribution, etc. 2009
300 ## - PHYSICAL DESCRIPTION
Extent 110გვ.
653 ## - INDEX TERM--UNCONTROLLED
Uncontrolled term მუსტაფა ქემალ ათათურქის როლი რესპუბლიკურ თურქეთში
942 ## - ADDED ENTRY ELEMENTS (KOHA)
Koha item type წიგნი
ეგზემპლარები
Withdrawn status Lost status Damaged status Not for loan Date acquired Barcode Date last seen Price effective from Koha item type
        2018-12-17 1197 2018-12-17 2018-12-17 წიგნი